La qüestio comarcal / (Record n. 21952)

Dettagli MARC
000 -LEADER
fixed length control field 00814nam a2200241 i 4500
003 - CONTROL NUMBER IDENTIFIER
control field IT-RoINE
005 - DATE AND TIME OF LATEST TRANSACTION
control field 20180523090254.0
008 - FIXED-LENGTH DATA ELEMENTS--GENERAL INFORMATION
fixed length control field 930329s1981 sp |a r |||| ||cat d
020 ## - INTERNATIONAL STANDARD BOOK NUMBER
International Standard Book Number 8400045452
040 ## - CATALOGING SOURCE
Original cataloging agency SpMaBN
Language of cataloging spa
Transcribing agency SIC IT-RoINE
Modifying agency IT-RoINE
100 1# - MAIN ENTRY--PERSONAL NAME
Personal name Juan i Fenollar, Rafael
9 (RLIN) 43349
245 13 - TITLE STATEMENT
Title La qüestio comarcal /
Statement of responsibility, etc Rafael Juan i Fenollar.
260 ## - PUBLICATION, DISTRIBUTION, ETC. (IMPRINT)
Place of publication, distribution, etc València :
Name of publisher, distributor, etc Institución Alfons el Magnànim,
Date of publication, distribution, etc 1981.
300 ## - PHYSICAL DESCRIPTION
Extent 78 p. :
Other physical details il. ;
Dimensions 22 cm.
336 ## - CONTENT TYPE
Source rdacontent
Content type term text
337 ## - MEDIA TYPE
Source rdamedia
Media type term unmediated
338 ## - CARRIER TYPE
Source rdacarrier
Carrier type term volume
490 1# - SERIES STATEMENT
Series statement Descobrim el País Valencià ;
Volume number/sequential designation 6
504 ## - BIBLIOGRAPHY, ETC. NOTE
Bibliography, etc Bibliografía: p. 77-78.
651 #4 - SUBJECT ADDED ENTRY--GEOGRAPHIC NAME
9 (RLIN) 18596
Geographic name Cataluña (España)
General subdivision Divisiones políticas y administrativas
830 #0 - SERIES ADDED ENTRY--UNIFORM TITLE
9 (RLIN) 17761
Uniform title Descobrim el País Valencià ;
Volume number/sequential designation 6
942 ## - ADDED ENTRY ELEMENTS (KOHA)
Item type Monografías
Dati di copia
Withdrawn status Lost status Damaged status Not for loan Home library Current library Date acquired Total Checkouts Full call number Barcode Date last seen Price effective from Koha item type
        Iglesia Nacional Española en Roma Iglesia Nacional Española en Roma 15/01/2018   COL.A 108.6 46749 15/01/2018 15/01/2018 Monografías